00342 a2200121 4500001000700000020000600007040001100013100004100024240007100065245006600136362000900202440000900211168709 a  cMagnum aLima, Maria Emilia Caixeta de Castro10aAprender ciencias: um mundo de materiais - livro do professorlpor10aAprender ciencias: um mundo de materiais - livro do professor0 a1899 1aUfmg